Harijan yuvako ka rajnitik samajikaran : Chamar jati ke vidhyarthiyo par aadharit ek samaj vaigyanik adhyayan (Record no. 14728)

MARC details
000 -LEADER
fixed length control field 00703nam a2200193Ia 4500
082 ## - DEWEY DECIMAL CLASSIFICATION NUMBER
Classification number TR.0118
100 ## - MAIN ENTRY--AUTHOR NAME
Personal name Ram Pyare
245 #0 - TITLE STATEMENT
Title Harijan yuvako ka rajnitik samajikaran : Chamar jati ke vidhyarthiyo par aadharit ek samaj vaigyanik adhyayan
260 ## - PUBLICATION, DISTRIBUTION, ETC. (IMPRINT)
Year of publication 1981
Name of publisher Banaras Hindu University
300 ## - PHYSICAL DESCRIPTION
Number of Pages 584p. + C D - 53
650 ## - SUBJECT ADDED ENTRY--TOPICAL TERM
Topical Term SCHEDULED CASTES AND SCHEDULED TRIBES - STUDENTS///CHAMARS, THE - STUDENTS
650 ## - SUBJECT ADDED ENTRY--TOPICAL TERM
Topical Term POLITICAL SOCIALIZATION - INDIA
650 ## - SUBJECT ADDED ENTRY--TOPICAL TERM
Topical Term CHAMARS, THE - STUDENTS
650 ## - SUBJECT ADDED ENTRY--TOPICAL TERM
Topical Term YOUTH - SOCIO-ECONOMIC STATUS
650 ## - SUBJECT ADDED ENTRY--TOPICAL TERM
Topical Term YOUTH - POLITICAL ACTIVITY
650 ## - SUBJECT ADDED ENTRY--TOPICAL TERM
Topical Term SOCIALIZATION, POLITICAL//POLITICAL SOCIALIZATION
710 ## - ADDED ENTRY--CORPORATE NAME
Corporate name or jurisdiction name as entry element Shrivastava, S.K.
942 ## - ADDED ENTRY ELEMENTS (KOHA)
Koha item type Thesis
Source of classification or shelving scheme Dewey Decimal Classification
Holdings
Withdrawn status Lost status Damaged status Not for loan Home library Current library Date acquired Bill Date Full call number Accession Number Price effective from Koha item type
        NASSDOC Library NASSDOC Library 08/10/2004 2004-10-22 TR.0118 16907 18/04/2019 Thesis